| 000 | 00530 a2200169 4500 | ||
|---|---|---|---|
| 001 | 144695 | ||
| 040 | _cLeonardo Da Vinci | ||
| 041 | _aPortuguês | ||
| 082 |
_a513.93 A993s _bA993s |
||
| 100 | _aAZEVEDO, Gustavo Henrique W. de | ||
| 245 |
_aSeguros, matemática atuarial e financeira _buma abordagem introdutória |
||
| 260 |
_bSaraiva _c2008 _aSão Paulo |
||
| 300 | _a312 | ||
| 362 | _a00002008 | ||
| 697 |
_aJuros simples _aJuros compostos _aTaxas de juros _aDescontos _aSéries de pagamentos _aSeguros e rendas |
||
| 942 | _cBK | ||
| 999 |
_c144695 _d144695 |
||